the study on housholds livelihood of people in preydoeumthneon commune, sithorkandal district, prey veng province,ការសិក្សាអំពីកម្រិតជីវភាពរបស់ប្រជាជននៅឃុំព្រៃដើមថ្លឹង ស្រុកស៊ីធរកណ្តាល ខេត្តព្រៃវែង (Record no. 19237)

000 -LEADER
fixed length control field 00669nam a22001337a 4500
040 ## - CATALOGING SOURCE
Transcribing agency RUA
082 ## - DEWEY DECIMAL CLASSIFICATION NUMBER
Classification number AED THO 2018 B466 Or.1
100 ## - MAIN ENTRY--AUTHOR NAME
Personal name THORN SETHA ,ថន សេដ្ធា
245 ## - TITLE STATEMENT
Title the study on housholds livelihood of people in preydoeumthneon commune, sithorkandal district, prey veng province,ការសិក្សាអំពីកម្រិតជីវភាពរបស់ប្រជាជននៅឃុំព្រៃដើមថ្លឹង ស្រុកស៊ីធរកណ្តាល ខេត្តព្រៃវែង
260 ## - PUBLICATION, DISTRIBUTION, ETC. (IMPRINT)
Place of publication RUA
Name of publisher phnom penh
Year of publication 2018
300 ## - PHYSICAL DESCRIPTION
Number of Pages xi;50p;
Other physical details ill;
Dimensions 29cm;
856 ## - ELECTRONIC LOCATION AND ACCESS
Uniform Resource Identifier THORN SETH.
942 ## - ADDED ENTRY ELEMENTS (KOHA)
Koha item type AED
952 ## - LOCATION AND ITEM INFORMATION (KOHA)
Withdrawn status [LOCAL, KOHA] 0
952 ## - LOCATION AND ITEM INFORMATION (KOHA)
Withdrawn status [LOCAL, KOHA] 0
952 ## - LOCATION AND ITEM INFORMATION (KOHA)
Withdrawn status [LOCAL, KOHA] 0
952 ## - LOCATION AND ITEM INFORMATION (KOHA)
Withdrawn status [LOCAL, KOHA] 0
952 ## - LOCATION AND ITEM INFORMATION (KOHA)
Withdrawn status [LOCAL, KOHA] 0
952 ## - LOCATION AND ITEM INFORMATION (KOHA)
Withdrawn status [LOCAL, KOHA] 0
Holdings
Permanent Location Date acquired Koha item type Lost status Shelving location Barcode Current Location Full call number
Library Block B2020-07-03AED B466A43128Library Block BAED THO 2018 B466 Or.1
Library Block B2020-07-03AED B466A064303Library Block BAED THO 2018 B466 Or.2
Library Block B2020-07-03AED B466A42675Library Block BAED THO 2018 B466 Or.3
Library Block B2020-07-03AED B466A42670Library Block BAED THO 2018 B466 Or.4
Library Block B2020-07-03AED B466A43223Library Block BAED THO 2018 B466 Or.5
Library Block B2020-07-03AED B466A42745Library Block BAED THO 2018 B466 Or.6
មជ្ឈមណ្ឌលឯការនៃសាកលវិទ្យាល័យភូមិន្ទកសិកម្មចំការដូង

Powered by Koha